Sports Quiz

Random Sports Quiz
Score 0/50 Timer 05:00
0 Plays Today
Answer % Correct
AFC Ajax
98.3%
PSV
96.6%
21
94.9%
21
94.9%
21
94.9%
30
93.9%
27
92.9%
24
92.9%
27
92.9%
Dutch
92.6%
Dutch
92.6%
Dutch
92.6%
Dutch
92.6%
28
92.6%
Dutch
92.6%
Defender
92.2%
Attacking Midfielder
91.2%
Attacking Midfielder
91.2%
Forward
90.9%
Forward
90.9%
Forward
90.9%
Forward
90.9%
20
89.5%
Midfielder
88.2%
Midfielder
88.2%
Answer % Correct
Defender
84.8%
32
84.5%
Vitesse
81.4%
SC Heerenveen
80.7%
Dusan Tadic
79.7%
FC Utrecht
79.1%
Spanish
76.7%
Angelino
74.3%
Serbian
72.3%
ADO Den Haag
70.6%
Michel Vlap
69.6%
Heracles
66.6%
Fortuna Sittard
65.9%
NAC Breda
63.2%
Tom Beugelsdijk
57.4%
De Graafschap
55.1%
Swedish
54.7%
Urby Emanuelson
48%
Mitchell Te Vrede
46.6%
Kristoffer Peterson
46.3%
Matus Bero
38.2%
Fabian Serrarens
34.8%
Slovakian
27.4%
Greek
25.3%
Lazaros Lamprou
25%
Remove Ads.
Support Sporcle.
Get the best of Sporcle when you Go Orange. This ad-free experience offers more features, more stats, and more fun while also helping to support Sporcle. Thank you for becoming a member.

You're not logged in!

Compare scores with friends on all Sporcle quizzes.
OR
Log In

Show Comments

Extras

Top Quizzes Today


Score Distribution

Your Account Isn't Verified!

In order to create a playlist on Sporcle, you need to verify the email address you used during registration. Go to your Sporcle Settings to finish the process.

Report this User

Report this user for behavior that violates our Community Guidelines.

Details: